Sociologie de la diversité et des discriminations (notice n° 1568178)

détails MARC
000 -LEADER
fixed length control field 01608cam a2200133 4500500
005 - DATE AND TIME OF LATEST TRANSACTION
control field 20251214004047.0
041 ## - LANGUAGE CODE
Language code of text/sound track or separate title fre
042 ## - AUTHENTICATION CODE
Authentication code dc
100 10 - MAIN ENTRY--PERSONAL NAME
Personal name Masclet, Olivier
Relator term author
245 00 - TITLE STATEMENT
Title Sociologie de la diversité et des discriminations
260 ## - PUBLICATION, DISTRIBUTION, ETC.
Name of publisher, distributor, etc. Armand Colin,<br/>
Date of publication, distribution, etc. 2017.<br/>
520 ## - SUMMARY, ETC.
Summary, etc. Le concept de « diversité » a investi les champs politiques, économiques, médiatiques, sociaux  : invoqué par les uns, controversé pour les autres, il fait ici l’objet d’une nécessaire mise en perspective sociologique. À travers ce nouveau thème, les entreprises, les grandes écoles ou encore les partis politiques entendent manifester leur volonté de mieux représenter la société française dans ses différentes composantes et de lutter contre les préjugés. En ce sens, la diversité exprime la reconnaissance publique des discriminations, et d’abord des discriminations fondées sur «  la race  » ou «  les origines  » dont il est ici question. Ce livre examine les enjeux de cette reconnaissance et analyse les usages concrets de la diversité, par-delà les effets d’annonce et de rhétorique. Dans cette seconde édition, il s’enrichit d’un nouveau chapitre sur l’expérience des discriminations. Une question centrale organise l’ensemble de l’ouvrage  : la diversité répond-elle bien à la question des inégalités et au sentiment d’injustice exprimé par celles et ceux témoignant des discriminations  ?
856 41 - ELECTRONIC LOCATION AND ACCESS
Uniform Resource Identifier <a href="https://shs.cairn.info/sociologie-de-la-diversite-et-des-discriminations--9782200620097?lang=fr&redirect-ssocas=7080">https://shs.cairn.info/sociologie-de-la-diversite-et-des-discriminations--9782200620097?lang=fr&redirect-ssocas=7080</a>

Pas d'exemplaire disponible.

PLUDOC

PLUDOC est la plateforme unique et centralisée de gestion des bibliothèques physiques et numériques de Guinée administré par le CEDUST. Elle est la plus grande base de données de ressources documentaires pour les Étudiants, Enseignants chercheurs et Chercheurs de Guinée.

Adresse

627 919 101/664 919 101

25 boulevard du commerce
Kaloum, Conakry, Guinée

Réseaux sociaux

Powered by Netsen Group @ 2025